Poema del Mío Cid (Record no. 122026)

MARC details
000 -LEADER
campo de control de longitud fija 00785nam a2200253 i 4500
001 - NÚMERO DE CONTROL
campo de control 122026
003 - IDENTIFICADOR DE NÚMERO DE CONTROL
campo de control ES-MaACL
005 - FECHA Y HORA DE LA ÚLTIMA TRANSACCIÓN
campo de control 20230906191907.0
007 - CAMPO FIJO DE DESCRIPCIÓN FÍSICA--INFORMACIÓN GENERAL
campo de control de longitud fija t|
008 - DATOS DE LONGITUD FIJA--INFORMACIÓN GENERAL
campo de control de longitud fija 070214s1952 sp |||| | spa d
080 ## - NÚMERO DE LA CLASIFICACIÓN DECIMAL UNIVERSAL
Número de la Clasificación Decimal Universal 821.134.2-13"11"
080 ## - NÚMERO DE LA CLASIFICACIÓN DECIMAL UNIVERSAL
Número de la Clasificación Decimal Universal 821.134.2-13"13"
130 0# - ENTRADA PRINCIPAL--TÍTULO UNIFORME
Título uniforme Poema del Cid.
9 (RLIN) 123904
245 10 - MENCIÓN DEL TÍTULO
Título Poema del Mío Cid
Resto del título ; y Cantar de Rodrigo /
Mención de responsabilidad, etc. anónimos ; prólogo, transcripción moderna en verso romance y notas de Luis Guarner.
246 10 - FORMA VARIANTE DEL TITULO
Título propio/Titulo breve Cantar de Rodrigo
260 ## - PUBLICACIÓN, DISTRIBUCIÓN, ETC.
Lugar de publicación, distribución, etc. Barcelona :
Nombre del editor, distribuidor, etc. Iberia,
Fecha de publicación, distribución, etc. 1952.
300 ## - DESCRIPCIÓN FÍSICA
Extensión 264 p. ;
Dimensiones 19 cm.
490 1# - MENCIÓN DE SERIE
Mención de serie Obras maestras
700 1# - ENTRADA AGREGADA--NOMBRE PERSONAL
Nombre de persona Guarner, Luis.
9 (RLIN) 60341
730 0# - ASIENTO SECUNDARIO--TITULO UNIFORME
Título uniforme Rodrigo y el Rey Don Fernando.
9 (RLIN) 124340
830 0# - PUNTO DE ACCESO ADICIONAL DE SERIE-TÍTULO UNIFORME
Título uniforme Obras maestras
9 (RLIN) 181001
852 ## - LOCALIZACIÓN
Ubicación ES-MaACL
Número de control de estantería D-9179
Holdings
Estatus retirado Estado de pérdida Estado de daño No para préstamo Biblioteca de origen Biblioteca actual Ubicación en estantería Fecha de adquisición Fuente de adquisición Total de préstamos Signatura topográfica completa Código de barras Visto por última vez Precio de reemplazo Tipo de ítem Koha
        Biblioteca del Ateneo de Madrid Biblioteca del Ateneo de Madrid Sala Valle Inclán 17/01/2008     D-9179 901127165 23/02/2023 23/02/2023 Libro impreso